Retratos de Sonora : (Record no. 13262)

MARC details
000 -CABECERA
campo de control de longitud fija 00919nam a2200277 4500
003 - IDENTIFICADOR DEL NÚMERO DE CONTROL
campo de control OSt
005 - FECHA Y HORA DE LA ÚLTIMA TRANSACCIÓN
campo de control 20260530115309.0
008 - DATOS DE LONGITUD FIJA--INFORMACIÓN GENERAL
campo de control de longitud fija 260508b1995 mx a|||| |||| 00| 0 spa d
020 ## - NÚMERO INTERNACIONAL ESTÁNDAR DEL LIBRO
Número Internacional Estándar del Libro 9709137026
040 ## - FUENTE DE LA CATALOGACIÓN
Centro catalogador/agencia de origen ICI
Lengua de catalogación spa
Centro/agencia transcriptor ICI
041 ## - CÓDIGO DE LENGUA
Código de lengua del texto/banda sonora o título independiente spa
050 04 - SIGNATURA TOPOGRÁFICA DE LA BIBLIOTECA DEL CONGRESO
Número de clasificación F1346
Número de documento/Ítem C74
100 1# - ENTRADA PRINCIPAL--NOMBRE DE PERSONA
Nombre de persona Cremoux, Raúl,
Término indicativo de función/relación autor
9 (RLIN) 32546
245 10 - MENCIÓN DE TÍTULO
Título Retratos de Sonora :
Resto del título Portraits of Sonora /
Mención de responsabilidad, etc. autor, Raúl Cremoux ; coautora editorial y diseño, Martha León ; fotografía, Jaime Navarro
246 ## - FORMA VARIANTE DE TÍTULO
Título propio/Titulo breve Portraits of Sonora
264 #1 - PRODUCCIÓN, PUBLICACIÓN, DISTRIBUCIÓN, FABRICACIÓN Y COPYRIGHT
Producción, publicación, distribución, fabricación y copyright Sonora :
Nombre del de productor, editor, distribuidor, fabricante Gobierno del Estado de Sonora,
Fecha de producción, publicación, distribución, fabricación o copyright 1995
300 ## - DESCRIPCIÓN FÍSICA
Extensión 190 páginas :
Otras características físicas ilustraciones a color
336 ## - TIPO DE CONTENIDO
Término de tipo de contenido texto
Fuente rdacontent
337 ## - TIPO DE MEDIO
Nombre/término del tipo de medio sin medio
Fuente rdamedia
338 ## - TIPO DE SOPORTE
Nombre/término del tipo de soporte volumen
Fuente rdacarrier
651 #4 - PUNTO DE ACCESO ADICIONAL DE MATERIA--NOMBRE GEOGRÁFICO
Nombre geográfico Sonora
9 (RLIN) 32547
651 #4 - PUNTO DE ACCESO ADICIONAL DE MATERIA--NOMBRE GEOGRÁFICO
Nombre geográfico Sonora
Subdivisión de forma Obras ilustradas
9 (RLIN) 32548
700 1# - PUNTO DE ACCESO ADICIONAL--NOMBRE DE PERSONA
Nombre de persona Leon, Martha,
Término indicativo de función/relación editor
9 (RLIN) 17553
700 1# - PUNTO DE ACCESO ADICIONAL--NOMBRE DE PERSONA
Nombre de persona Navarro, Jaime,
Término indicativo de función/relación ilustrador
9 (RLIN) 32549
942 ## - ELEMENTOS DE PUNTO DE ACCESO ADICIONAL (KOHA)
Fuente del sistema de clasificación o colocación Library of Congress Classification
Tipo de ítem Koha
Suprimir en OPAC 1

No items available.